Informačné technológie ako súčasť vyučovacieho procesu - e-learning v predmete Automatizácia účtovníctva

Prenikanie informačných technológií aj do moderného vzdelávania. Formy výučby podporované informačnými technológiami. Informačné technológie ako predmet výučby.

Na minha lista:
Detalhes bibliográficos
Autor principal: Vašeková, Miroslava, 1978-
Formato: Capítulo de Livro
Idioma:eslovaco
Assuntos:
Tags: Adicionar Tag
Sem tags, seja o primeiro a adicionar uma tag!

MARC

LEADER 00000naa$a2200000$$$4500
001 0050619
005 20240502083133.0
041 0 |a slo 
044 |a CZ 
245 1 0 |a Informačné technológie ako súčasť vyučovacieho procesu - e-learning v predmete Automatizácia účtovníctva  |c Miroslava Vašeková 
520 |a Prenikanie informačných technológií aj do moderného vzdelávania. Formy výučby podporované informačnými technológiami. Informačné technológie ako predmet výučby. 
610 2 0 |a technológie informačné 
610 2 0 |a vyučovanie 
610 2 0 |a vzdelávanie elektronické 
610 2 0 |a predmety učebné 
610 2 0 |a účtovníctvo 
100 1 |a Vašeková, Miroslava, 1978-